| 000 | 00574nam a2200193Ia 4500 | ||
|---|---|---|---|
| 005 | 20250508153757.0 | ||
| 008 | 008 250505s9999 xx 000 0 eng d | ||
| 037 | _aBooks to be hide in OPAC | ||
| 040 |
_aFEDL _beng _cFEDL |
||
| 041 |
_aeng _2eng |
||
| 084 |
_a907, FIR/O _qFEDL |
||
| 100 |
_aFirth Catherine B _9764290 |
||
| 245 | 0 | _aLearning of history : In elementary schools | |
| 250 | _a2nd | ||
| 260 |
_aLondon, UK _bKegan Paul Trench Trubner and Company Ltd. _c1932 |
||
| 300 | _aviii,224p. | ||
| 942 |
_cHB _h907, FIR/O |
||
| 999 |
_c1345440 _d1345440 |
||